Essays in philosophy / (Record no. 31077)
[ view plain ]
| 000 -LEADER | |
|---|---|
| fixed length control field | 00805cam a22002651 4500 |
| 001 - CONTROL NUMBER | |
| control field | 31077 |
| 003 - CONTROL NUMBER IDENTIFIER | |
| rucl marc code | BD-RjUL |
| 005 - DATE AND TIME OF LATEST TRANSACTION | |
| control field | 20211209051646.0 |
| 008 - FIXED-LENGTH DATA ELEMENTS--GENERAL INFORMATION | |
| fixed length control field | 140413s1927 xx 001 0 eng |
| 035 ## - SYSTEM CONTROL NUMBER | |
| System control number | (BD-RjUL)31164 |
| System control number | (OCoLC)938517 |
| 040 ## - CATALOGING SOURCE | |
| Original cataloging agency | DLC |
| Transcribing agency | OClU |
| Modifying agency | DLC |
| -- | BD-RjUL |
| Language of cataloging | eng |
| 041 ## - LANGUAGE CODE | |
| Language code of text/sound track or separate title | eng |
| 082 ## - DEWEY DECIMAL CLASSIFICATION NUMBER | |
| Classification number | 192 |
| Author mark and year | WAE 1927 |
| 100 1# - MAIN ENTRY--PERSONAL NAME | |
| Personal name | Ward, James. |
| Dates associated with a name | 1843-1925. |
| 9 (RLIN) | 93559 |
| 245 10 - TITLE STATEMENT | |
| Title | Essays in philosophy / |
| Statement of responsibility, etc. | With a memoir of the author by Olwen Ward Campbell. |
| 260 ## - PUBLICATION, DISTRIBUTION, ETC. (IMPRINT) | |
| Place of publication, distribution, etc. | Cambridge [Eng.] : |
| Name of publisher, distributor, etc. | The University Press, |
| Date of publication, distribution, etc. | 1927. |
| 300 ## - PHYSICAL DESCRIPTION | |
| Pagination | vii, 372 p. : |
| Illustrations | ports. ; |
| Size | 22 cm. |
| 504 ## - BIBLIOGRAPHY, ETC. NOTE | |
| Bibliography, etc | Bibliographical footnotes & Includes Indes. |
| 650 #0 - SUBJECT ADDED ENTRY--TOPICAL TERM | |
| Topical term or geographic name as entry element | Philosophy. |
| 9 (RLIN) | 94506 |
| 700 1# - ADDED ENTRY--PERSONAL NAME | |
| Personal name | Campbell, Olwen Ward. |
| 942 ## - ADDED ENTRY ELEMENTS (KOHA) | |
| Source of classification or shelving scheme | Dewey Decimal Classification |
| Koha item type | Books |
| Lost status | Source of classification or shelving scheme | Damaged status | Not for loan | Collection code | Permanent Location | Current Location | Shelving location | Date acquired | Source of acquisition | Cost, normal purchase price | Total Checkouts | Full call number | Date last seen | Copy number | Koha item type |
|---|---|---|---|---|---|---|---|---|---|---|---|---|---|---|---|
| Dewey Decimal Classification | Not For Loan | Non-fiction | Central Library, University of Rajshahi | Central Library, University of Rajshahi | Reading Room | 13/11/1956 | Black well | 7.60 | 192 WAE 1927 | 13/04/2014 | C-1 | Books |